Procurement Risk Management as an Assumption of Sustainability in Industrial Enterprise
Jedným z predpokladov ekonomickej udržateľnosti v priemyselných podnikoch je efektívne riadenie materiálnych zdrojov, potrebných na výrobu vlastného tovaru. Riziká, spojené s obstarávaním môžu vážne ohroziť udržateľnosť výroby. Poukázanie na dôležitosť riadenia rizík obstarávania v procese obstaráva...
Uložené v:
| Hlavný autor: | |
|---|---|
| Ďalší autori: | |
| Médium: | Kapitola |
| Jazyk: | English |
| Predmet: | |
| Tagy: |
Žiadne tagy, Buďte prvý, kto otaguje tento záznam!
|
MARC
| LEADER | 00000naa$a2200000$$$4500 | ||
|---|---|---|---|
| 001 | 0307080 | ||
| 005 | 20250611135734.1 | ||
| 041 | 0 | |a eng | |
| 044 | |a CZ | ||
| 245 | 1 | 0 | |a Procurement Risk Management as an Assumption of Sustainability in Industrial Enterprise |c Peter Pajonk, Daniela Rybárová |
| 520 | |a Jedným z predpokladov ekonomickej udržateľnosti v priemyselných podnikoch je efektívne riadenie materiálnych zdrojov, potrebných na výrobu vlastného tovaru. Riziká, spojené s obstarávaním môžu vážne ohroziť udržateľnosť výroby. Poukázanie na dôležitosť riadenia rizík obstarávania v procese obstarávania a tiež poukázanie na najčastejšie vnímané riziká v období neistoty. | ||
| 610 | 2 | 0 | |a manažment |
| 610 | 2 | 0 | |a riziko |
| 610 | 2 | 0 | |a obstarávanie |
| 610 | 2 | 0 | |a udržateľnosť |
| 610 | 2 | 0 | |a podnik |
| 610 | 2 | 0 | |a podnik priemyselný |
| 100 | 1 | |a Pajonk, Peter, 1987- | |
| 700 | 1 | |a Rybárová, Daniela, 1967- | |